000 00599nam a2200121Ia 4500
008 220615s9999||||xx |||||||||||||| ||und||
245 0 _aOil Spaces
_bExploring the Global Petroleumscape
546 _aEnglish[eng]
650 _aUrban and municipal planning||Fossil fuel technologies||Human geography||Globalization||Urban communities||Urban economics||City and town planning: architectural aspects||Environmental science, engineering and technology||Petroleum technology
700 _aHein, Carola
856 _uhttps://library.oapen.org/bitstream/20.500.12657/50473/1/9781000449488.pdf
942 _cEB
999 _c18480
_d18480